000 00273nam a2200121 a 4500
005 20140414093838.0
008 030923s19uu xx 00 eng d
050 _aVHS 900
_bOR 22
100 _aAlya, Honasan
245 _aQuiet places.
942 _cAVM
999 _c109129
_d109129